|
|
|
|
| LEADER |
00834nam a2200229 a 4500 |
| 001 |
GR-MES2298 |
| 008 |
991111s1990 nyu 000 b eng d |
| 020 |
|
|
|a 0745001785
|
| 040 |
|
|
|a GrPaTEI
|b gre
|c GR-PaULI
|
| 245 |
0 |
0 |
|a Macroeconomics for developing countries.
|
| 260 |
|
|
|a New York :
|b Harvester,
|c 1990
|
| 300 |
|
|
|a 200σελ. :
|b πιν.
|
| 650 |
|
4 |
|a ΑΝΑΠΤΥΣΣΟΜΕΝΕΣ ΧΩΡΕΣ
|
| 650 |
|
4 |
|a ΜΑΚΡΟΟΙΚΟΝΟΜΙΑ
|
| 650 |
|
4 |
|a Οικονομία
|
| 700 |
1 |
|
|a Cook, Paul,
|d 1944-
|
| 700 |
1 |
|
|a Kirkpatrick, C.
|
| 710 |
0 |
|
|a Harvester
|
| 942 |
|
|
|2 ddc
|
| 952 |
|
|
|0 0
|1 0
|2 ddc
|4 0
|6 339_000000000000000_COO
|7 0
|9 266638
|a MSLG
|b MSLG
|c BSC
|d 2021-01-17
|e 24
|f 0
|g 0.00
|l 0
|o 339 COO
|p 2420000002732
|r 2021-01-17 00:00:00
|t 1
|w 2021-01-17
|y BK15
|x 19991111 0 1
|x GrPaTEI
|
| 971 |
|
|
|a .b25733424
|b 15-04-20
|c 13-09-16
|
| 999 |
|
|
|c 153422
|d 153422
|